000 01080nam a22003371i 4500
999 _c968
_d968
001 020515041
003 UkOxU
005 20200122110655.0
008 151014s2016 enka j 000|0|eng|d
015 _aGBB5H4762
_2bnb
016 7 _a017653035
_2Uk
020 _a9781407163871 (pbk.) :
035 _a(Uk)017653035
040 _aStDuBDS
_beng
_erda
_cStDuBDS
_dUk
042 _aukblsr
082 0 4 _a941 DEA
_223
100 1 _aDeary, Terry,
_eauthor.
245 1 0 _aVile Victorians /
_cTerry Deary ; illustrated by Martin Brown.
264 1 _aLondon :
_bScholastic,
_c2016.
300 _a1 volume :
_billustrations ;
_c20 cm.
336 _atext
_2rdacontent
336 _astill image
_2rdacontent
337 _aunmediated
_2rdamedia
338 _avolume
_2rdacarrier
490 0 _aHorrible histories
500 _aFormerly CIP.
_5Uk
651 0 _aGreat Britain
_xHistory
_yVictoria, 1837-1901
_vJuvenile literature.
651 0 _aGreat Britain
_xSocial life and customs
_y19th century
_vJuvenile literature.
700 1 0 _aBrown, Martin,
_d1959-
_eillustrator.
942 _2ddc
_cNFIC